| 000 | 01229cad a22002415a 4500 | ||
|---|---|---|---|
| 001 | L145972 | ||
| 008 | 081127e20081114xxkd f s 000 0 eng d | ||
| 035 | _a(Sirsi) u145972 | ||
| 041 | 0 | _aeng | |
| 050 | 0 | 4 | _a333.33 $2 18 |
| 110 | 2 |
_aRoyal Institution of Chartered Surveyors _bEconomics _95033 |
|
| 245 | 0 | 0 |
_aRICS global real estate weekly _b14 November 2008 _h[electronic resource] |
| 260 |
_aLondon _bRICS _c2008 |
||
| 490 | 0 |
_aRICS Global Real Estate Weekly _v14 November 2008 |
|
| 520 | _aReports that in the Russian investment market demand has collapsed, capital values have fallen sharply and foreign investors? share of purchases has halved in Q3 alone. Reveals that the Hong Kong residential and commercial markets are in trouble with new residential mortgage loans halving in 12 months. Forecasts further decline in the US housing market and the Japanese construction industry. | ||
| 590 | _aKA | ||
| 650 | 2 | 4 | _aRICS GLOBAL REAL ESTATE WEEKLY |
| 651 | 4 | _aInternational | |
| 690 | _aBUILT ENVIRONMENT-CONSTRUCTION MARKET | ||
| 690 | _aPROPERTY-PROPERTY MARKET | ||
| 856 | 4 | 0 |
_uhttps://www.rics.org/site/scripts/download_info.aspx?downloadID=1148 _zView this item free of charge at www.rics.org... |
| 942 | _n0 | ||
| 999 |
_c108994 _d108994 |
||